000 00864cam a2200301 4500
001 1729970
003 ARRUPE
005 20161018122420.0
008 730612s1970 enka b 001 0 eng
010 _a 73331079
015 _aB***
020 _a0269026894
040 _aDLC
_cDLC
_dDLC
043 _ae-ie---
_ae-uk-ni
050 0 0 _aDA963.C63 1971
082 0 0 _a941.59
100 1 _aCoogan, Tim Pat,
_d1935-
_926853
245 1 4 _aThe I.R.A.
_cby Tim Pat Coogan.
260 _aLondon,
_bPall Mall Press,
_c1971
300 _ax, 373 p.;
_billus.
_c23 cm.
350 _a£2.50
504 _aBibliography: p. 357-358.
610 2 0 _aIrish Republican Army
_xHistory.
_926854
650 _aNorthern Ireland
_xHistory,
_926855
650 _aIreland
_xHistory,
_y1922
_926856
906 _a7
_bcbc
_corignew
_d3
_encip
_f19
_gy-gencatlg
942 _2lcc
_cMONOGRAPH
999 _c125543
_d125543